Engineering mathematics for semesters I and II / (Record no. 97891)

MARC details
000 -LEADER
fixed length control field 00715nam a22002297a 4500
005 - DATE AND TIME OF LATEST TRANSACTION
control field 20160106105036.0
010 ## - LCCN (DPL NO)
LC control number ENG-114367
020 ## - INTERNATIONAL STANDARD BOOK NUMBER
International Standard Book Number 9789339219642
Terms of availability 475.00
020 ## - INTERNATIONAL STANDARD BOOK NUMBER
International Standard Book Number 9339219643
Terms of availability 475.00
035 ## - SYSTEM CONTROL NUMBER
System control number EN-97899
037 ## - SOURCE OF ACQUISITION
Source of stock number/acquisition DBAD/PUB
082 ## - DEWEY DECIMAL CLASSIFICATION NUMBER
Classification number 620.00151
100 ## - MAIN ENTRY--PERSONAL NAME
Personal name Gupta, C.B.
245 ## - TITLE STATEMENT
Title Engineering mathematics for semesters I and II /
Statement of responsibility, etc by C.B. Gupta, S.R. Singh [and] Mukesh Kumar
260 ## - PUBLICATION, DISTRIBUTION, ETC. (IMPRINT)
Place of publication, distribution, etc Noida
Name of publisher, distributor, etc McGraw Hill Education
Date of publication, distribution, etc 2015
270 ## - ADDRESS
Address B-4, Sector-63, Dist. Gautam Budh Nagar
City Noida
Postal code 201301
300 ## - PHYSICAL DESCRIPTION
Extent various pagings
Dimensions 25cm(pbk)
500 ## - GENERAL NOTE
General note Includes index
700 ## - ADDED ENTRY--PERSONAL NAME
Personal name Singh,S.R.
700 ## - ADDED ENTRY--PERSONAL NAME
Personal name Mukesh Kumar
942 ## - ADDED ENTRY ELEMENTS (KOHA)
Source of classification or shelving scheme Dewey Decimal Classification
Item type English Books
Call number suffix GUP
Classification part 620.00151
Holdings
Withdrawn status Lost status Not for loan Collection code Home library Current library Date acquired Source of acquisition Cost, normal purchase price Full call number Barcode Copy number Cost, replacement price Koha item type
    Not For Loan Non-fiction D.B.Act.Division D.B.Act.Division 21/10/2015 DBAD/PUB 475.00 620.00151 GUP EN-97899 1 475.00 English Books

© Delhi Public Library
Hit Counter
free hit counter